[Event "MEX-ch U26 (Women)"]
[Site "Puebla"]
[Date "2014.04.29"]
[Round "5.9"]
[White "Valdez Guillen, Cinthia"]
[Black "Flores Amaya, Denisse Cons"]
[Result "1/2-1/2"]
[WhiteElo "1511"]
[BlackElo "1647"]
[PlyCount "58"]
[EventDate "2014.04.28"]
[EventType "swiss"]
[EventRounds "6"]
[EventCountry "MEX"]
[SourceTitle "CBM 160 Extra"]
[Source "ChessBase"]
[SourceDate "2014.07.01"]
[SourceVersion "1"]
[SourceVersionDate "2014.07.01"]
[SourceQuality "1"]

1. d4 e6 2. c4 f5 3. Nc3 Nf6 4. Bg5 Be7 5. Nf3 d6 6. Qc2 0-0 7. e4 fxe4 8. Nxe4 Nxe4 9. Bxe7 Qxe7 10. Qxe4 Nd7 11. Bd3 Nf6 12. Qh4 Re8 13. 0-0 g6 14. Rfe1 Nh5 15. Re3 Qxh4 16. Nxh4 Bd7 17. Rae1 Rad8 18. Nf3 Nf4 19. Bc2 Bc6 20. Be4 Bxe4 21. Rxe4 Nd3 22. R1e2 e5 23. dxe5 dxe5 24. Rd2 Nb4 25. Rxe5 Nxa2 26. Rxe8+ Rxe8 27. g3 Re7 28. Rd8+ Kg7 29. Nd4 Nb4 1/2-1/2